Normal view MARC view

Entry Personal Name

Number of records used in: 1

001 - CONTROL NUMBER

  • control field: 23982

003 - CONTROL NUMBER IDENTIFIER

  • control field: OSt

005 - DATE AND TIME OF LATEST TRANSACTION

  • control field: 20210528132441.0

008 - FIXED-LENGTH DATA ELEMENTS

  • fixed length control field: 210528|| aca||aabn | a|a d

040 ## - CATALOGING SOURCE

  • Original cataloging agency: OSt
  • Transcribing agency: OSt

100 ## - HEADING--PERSONAL NAME

  • Personal name: Dorantes, Catalina , Amuedo. Bucheli and Jose, R.

670 ## - SOURCE DATA FOUND

  • Source citation: Work cat.: (OSt)515481: Dorantes, Catalina , Amuedo. Bucheli and Jose, R. , A look Ahead at the 2020 US elections: The role of candidate diversity in political participation

Powered by Koha